01979cam a2200337 i 450000100090000000300040000900500170001300800410003001000170007102000310008802000310011902000260015002000260017603500130020204000290021504200080024405000220025208200270027410000350030124500860033625000200042226400330044230000530047533600260052833700280055433800270058250400510060952009120066058300520157265000170162423309704OSt20251114103557.0230907s2024 caua b 001 0 eng  a 2023040466 a9781071857182q(paperback) z9781071857212q(adobe pdf) z9781071857199q(epub) z9781071857205q(epub) a23309704 aDLCbengerdacAMIUdDLC apcc00aBF698b.S516 202400a155.2223/eng/202309071 aShiraev, Eric,d1960-eauthor.10aPersonality :btheories and applications /cEric Shiraev, George Mason Univerity. aSecond edition. 1aLos Angeles :bSAGE,c[2024] axxix, 494 pages :bcolor illustrations ;c23 cm atextbtxt2rdacontent aunmediatedbn2rdamedia avolumebnc2rdacarrier aIncludes bibliographical references and index. a"The new Second Edition of Personality: Theories and Applications is organized around three general questions about personality psychology: What are the basic facts and ideas? How do we study them? How do we apply them now? These three organizing questions provide a consistent focus throughout the book, as Shiraev explores the foundations of personality psychology, its core theories, and its domains of application. Coverage of classical and contemporary systems of thought is both chronological and comprehensive and situates personality psychology within an interdisciplinary and global context, highlighting this diverse, cross-cultural, and cross-national field. A new chapter on the digital domain of personality showcases the author's expertise in reputation management and presents students with a highly relevant and engaging application of personality psychology today"--cProvided by publisher. aCatalography:c20251114kSTAMIU-0199STAMIU-0199 0aPersonality.